书目信息 |
| 题名: |
创业者案头必备宝典
|
|
| 作者: | 阿普尔盖特 著 ;卢刚 译 | |
| 分册: | ||
| 出版信息: | 昆明 云南人民出版社 2004.4 |
|
| 页数: | 408页 | |
| 开本: | 21cm | |
| 丛书名: | ||
| 单 册: | ||
| 中图分类: | F270 | |
| 科图分类: | ||
| 主题词: | 企业管理--基本知识 | |
| 电子资源: | ||
| ISBN: | 7-222-03705-5 | |
| 000 | 00796nam0 2200241 45 | |
| 001 | 012004000000 | |
| 005 | 20041104143725.10 | |
| 010 | @a7-222-03705-5@dCNY 24.00 | |
| 100 | @a20040915d2004 em y0chiy0121 ea | |
| 101 | 1 | @achi@ceng |
| 102 | @aCN@b530000 | |
| 105 | @aa z 000yy | |
| 200 | 1 | @a创业者案头必备宝典@Achuang ye zhe an tou bi bei bao dian@dThe entrepreneur's desk reference@f(美)简·阿普尔盖特著@g卢刚译@zeng |
| 210 | @a昆明@c云南人民出版社@d2004.4 | |
| 215 | @a408页@c图@d21cm | |
| 300 | @a来自美国最杰出创业专家的权威参考 | |
| 510 | 1 | @aThe entrepreneur's desk reference@zeng |
| 606 | 0 | @a企业管理@x基本知识 |
| 690 | @aF270@v4 | |
| 701 | 1 | @a阿普尔盖特@Aa pu er gai te@b简@4著 |
| 702 | 0 | @a卢刚@Alu gang@4译 |
| 801 | 0 | @aCN@bQSSKxf@c20041104 |
| 905 | @a10447@dF270@eJ273 | |
| 创业者案头必备宝典=The entrepreneur's desk reference/(美)简·阿普尔盖特著/卢刚译.-昆明:云南人民出版社,2004.4 |
| 408页:图;21cm |
| 来自美国最杰出创业专家的权威参考 |
| ISBN 7-222-03705-5:CNY 24.00 |
| ● |
| 相关链接 |
|
|
|
正题名:创业者案头必备宝典
索取号:F270/J273
 
预约/预借
| 序号 | 登录号 | 条形码 | 馆藏地/架位号 | 状态 | 备注 |
| 1 | 425456 | 204254564 | 社科库409/409社科库 83排2列4层/ [索取号:F270/J273] | 在馆 | |
| 2 | 425457 | 204254573 | 社科库409/409社科库 83排2列4层/ [索取号:F270/J273] | 在馆 |